000 00519nam a2200181Ia 4500
008 100920s9999 xx 000 0 und d
082 _b103089
_a891.463.1 न 08
100 _aतरवडे विजय.
245 _aयुग्म.
260 _bसायली देहुरोड , पुणे.
_c2008
300 _a224
_bसाधी
365 _b200
520 _aलघुकथा.
630 _aयुग्म.
650 _aलघुकथा.
730 _aयुग्म.
942 _cBOOK
999 _c743521
_d743518